000 01186nam0a22002651 4500
001 rc\777802
005 20260407090310.0
035 _a(NLR Aleph) 006303863
090 _a7279865
_c7279865
100 _a20040301d1983 |||y0rusy50 ca
101 0 _arus
102 _aRU
105 _aa |||||||||
200 1 _aАртериальная гипертония, атеросклероз и ишемическая болезнь сердца
_eМежвуз. сб.
_fЧуваш. гос. ун-т им. И.Н. Ульянова
_g[Редкол.: К.В. Марков (отв. ред.) и др.]
210 _aЧебоксары
_cЧГУ
_d1983
215 _a109 с.
_cил.
_d20
320 _aБиблиогр. в конце ст.
702 1 _4340
_7ca
_8rus
_aМарков
_bК. В.
_cд-р мед. наук
_f1915-1996
_gКонстантин Васильевич
_9217714
_3RU\NLR\AUTH\770217770
712 0 2 _aЧувашский государственный университет им. И. Н. Ульянова
_cЧебоксары
_3RU\NLR\AUTH\8814249
_9301657
801 0 _aRU
_bNLR
_gpsbo
801 1 _aRU
_bELAR
_2rusmarc
852 _aNLR
_j84-5/1461
942 _cBOOK
980 _aNB